00633cam a22002053a 450000100060000000300060000600500170001200800410002904000150007004200070008505000070009210000260009924501140012526000290023950600300026851600200029865300380031883000290035685600420038521783PGUSA20140828083449.0070609s2007||||xxu|||||s|||||000 | eng d aPGUSAbeng adc 4aPE1 aAshmore, Otis,d1853-12aA Manual of Pronunciation :bFor Practical Use in Schools and Familiesh[electronic resource] /cOtis Ashmore bProject Gutenberg,c2007 aPublic domain in the USA. aElectronic text aEnglish language -- Pronunciation 0aProject Gutenbergv2178340uhttp://www.gutenberg.org/ebooks/21783